Annuaire statistique de la Belgique 1979

Gespeichert in:
Bibliographische Detailangaben
Format: Buch
Sprache:Französisch
Veröffentlicht: Bruxelles Institut National de Statistique 1979
Tags: Tag hinzufügen
Keine Tags, Fügen Sie das erste Tag hinzu!

MARC

LEADER 00000nam a2200000 4500
001 c142343
005 20041019155324.5
041 0 |a fre 
044 |a BE 
245 1 0 |a Annuaire statistique de la Belgique 1979 
264 1 |a Bruxelles  |b Institut National de Statistique  |c 1979 
300 |a 755 s.